000 00329nam a22001337a 4500
008 170911b xxu||||| |||| 00| 0 eng d
020 _a400203913679
041 _aeng
080 _a53
100 _a43
101 _aFIZ
245 _aDIFFERENTIAL FORMS WITH APPLICATIONS TO THE PHYSICAL SCIENCES
_cFLANDERS,H
942 _2udc
_cBK
999 _c27157
_d27157